000 00512nam a2200193Ia 4500
003 GCL
008 140319s9999 xx 000 0 eng d
040 _aGCL /
_cGCL
082 0 4 _a686.224
_bJ E
100 1 _aJASPERT,W . PINCUS
245 1 0 _aTHE ENCYCLOPAEDIA OF TYPE FAAS /
_cJASPERT,W . PINCUS
700 1 _aBERRY, W .TURNER
700 1 _aJOHNSON,A . F.
260 _a[S.N] :
_bBLANFORD ،
_c1993
300 _a416 P
650 0 4 _aالادب السويسرى
650 0 4 _aTYPE FACES
942 _2ddc
_cBK
999 _c15736
_d15736